Afghanistan and the frontier (Record no. 376823)

000 -LEADER
fixed length control field 00510cam a22001457a 4500
008 - FIXED-LENGTH DATA ELEMENTS--GENERAL INFORMATION
fixed length control field 180718b1993 xxu||||| |||| 00| 0 eng d
082 ## - DEWEY DECIMAL CLASSIFICATION NUMBER
Classification number F5x581 M369
245 ## - TITLE STATEMENT
Title Afghanistan and the frontier
Statement of responsibility, etc. edited by Fazal-ur-Rahima Marwat and Sayed Wiqar Ali Shah Kakakhel
260 ## - PUBLICATION, DISTRIBUTION, ETC.
Place of publication, distribution, etc. Pakistan
Name of publisher, distributor, etc. Emjay Books International
Date of publication, distribution, etc. 1993
300 ## - PHYSICAL DESCRIPTION
Extent 321p.
650 ## - SUBJECT ADDED ENTRY--TOPICAL TERM
Topical term or geographic name entry element Afganistan - History
650 ## - SUBJECT ADDED ENTRY--TOPICAL TERM
Topical term or geographic name entry element Afganistan - Government and Politics
700 ## - ADDED ENTRY--PERSONAL NAME
Personal name Kakakhel, Wiqar Ali Shah, ed.
700 ## - ADDED ENTRY--PERSONAL NAME
Personal name Marwat, Fazal-ur-Rahim, ed.
Holdings
Withdrawn status Lost status Damaged status Not for loan Permanent Location Current Location Date acquired Full call number Barcode Date last seen Price effective from Koha item type
        Indian Institute of Public Administration Indian Institute of Public Administration 1995-03-14 F5x581 M369 68832 2018-07-21 2018-07-21 Book

Powered by Koha